[Event "World Cup 2017"]
[Site "Tbilisi"]
[Date "2017.09.08"]
[Round "12.3"]
[White "Hou Yifan (CHN)"]
[Black "Aronian Levon (ARM)"]
[Result "1/2-1/2"]
[BlackElo "2802"]
[WhiteElo "2670"]
[LiveChessVersion "1.4.8"]

1. e4 {[%clk 0:25:15]} e5 {[%clk 0:25:18]} 2. Nf3 {[%clk 0:25:23]} Nc6
{[%clk 0:25:26]} 3. Bc4 {[%clk 0:25:28]} Bc5 {[%clk 0:25:33]} 4. O-O
{[%clk 0:25:36]} Nf6 {[%clk 0:25:40]} 5. d3 {[%clk 0:25:44]} O-O {[%clk 0:25:47]}
6. Nbd2 {[%clk 0:25:51]} d6 {[%clk 0:25:41]} 7. c3 {[%clk 0:25:58]} a6
{[%clk 0:25:38]} 8. Bb3 {[%clk 0:26:05]} Ba7 {[%clk 0:25:43]} 9. h3
{[%clk 0:25:57]} Kh8 {[%clk 0:25:41]} 10. Re1 {[%clk 0:23:38]} Nh5
{[%clk 0:25:21]} 11. Nf1 {[%clk 0:21:58]} f5 {[%clk 0:25:29]} 12. exf5
{[%clk 0:17:53]} Bxf5 {[%clk 0:25:01]} 13. Be3 {[%clk 0:17:53]} Bxe3
{[%clk 0:24:22]} 14. Nxe3 {[%clk 0:17:12]} Bg6 {[%clk 0:23:47]} 15. d4
{[%clk 0:15:26]} Nf4 {[%clk 0:23:53]} 16. dxe5 {[%clk 0:15:03]} Nd3
{[%clk 0:24:00]} 17. Rf1 {[%clk 0:14:25]} Nxb2 {[%clk 0:21:21]} 18. Qd5
{[%clk 0:13:53]} Nd3 {[%clk 0:20:37]} 19. exd6 {[%clk 0:13:43]} Nf4
{[%clk 0:19:27]} 20. Qg5 {[%clk 0:12:50]} Ne2+ {[%clk 0:15:09]} 21. Kh1
{[%clk 0:12:58]} cxd6 {[%clk 0:14:56]} 22. Qxd8 {[%clk 0:11:15]} Raxd8
{[%clk 0:15:00]} 23. Nd5 {[%clk 0:11:21]} Na5 {[%clk 0:13:05]} 24. Rfe1
{[%clk 0:10:00]} Nxb3 {[%clk 0:05:02]} 25. axb3 {[%clk 0:10:08]} Nf4
{[%clk 0:04:15]} 1/2-1/2

[Event "World Cup 2017"]
[Site "Tbilisi"]
[Date "2017.09.08"]
[Round "12.6"]
[White "Grischuk Alexander (RUS)"]
[Black "Cori Jorge (PER)"]
[Result "1-0"]
[BlackElo "2648"]
[WhiteElo "2788"]
[LiveChessVersion "1.4.8"]

1. e4 {[%clk 0:24:59]} c5 {[%clk 0:25:15]} 2. Nf3 {[%clk 0:25:04]} Nc6
{[%clk 0:25:24]} 3. d4 {[%clk 0:24:50]} cxd4 {[%clk 0:25:32]} 4. Nxd4
{[%clk 0:24:58]} e6 {[%clk 0:24:54]} 5. Nc3 {[%clk 0:25:06]} Qc7 {[%clk 0:25:03]}
6. Be3 {[%clk 0:25:11]} a6 {[%clk 0:25:12]} 7. a3 {[%clk 0:25:19]} Nf6
{[%clk 0:25:17]} 8. f4 {[%clk 0:25:27]} d6 {[%clk 0:25:24]} 9. Qf3
{[%clk 0:25:29]} Nxd4 {[%clk 0:23:59]} 10. Bxd4 {[%clk 0:25:36]} b5
{[%clk 0:24:01]} 11. Bd3 {[%clk 0:20:23]} Bb7 {[%clk 0:24:10]} 12. Bxf6
{[%clk 0:19:56]} gxf6 {[%clk 0:24:18]} 13. f5 {[%clk 0:19:59]} Be7
{[%clk 0:22:22]} 14. O-O {[%clk 0:19:27]} Qc5+ {[%clk 0:22:28]} 15. Kh1
{[%clk 0:19:35]} h5 {[%clk 0:21:22]} 16. fxe6 {[%clk 0:16:00]} fxe6
{[%clk 0:21:30]} 17. a4 {[%clk 0:15:04]} b4 {[%clk 0:16:09]} 18. Ne2
{[%clk 0:15:11]} Kf7 {[%clk 0:16:16]} 19. Nf4 {[%clk 0:14:36]} a5
{[%clk 0:07:54]} 20. Qh3 {[%clk 0:11:42]} Qe5 {[%clk 0:03:56]} 21. Bc4
{[%clk 0:11:43]} Bc8 {[%clk 0:04:05]} 22. Rae1 {[%clk 0:10:38]} Bd7
{[%clk 0:00:59]} 23. Nd3 {[%clk 0:09:29]} Qd4 {[%clk 0:01:08]} 24. Bb3
{[%clk 0:08:58]} Rag8 {[%clk 0:01:17]} 25. Rf4 {[%clk 0:08:05]} Qa7
{[%clk 0:00:42]} 26. e5 {[%clk 0:07:41]} d5 {[%clk 0:00:22]} 27. Bxd5
{[%clk 0:06:50]} exd5 {[%clk 0:00:22]} 28. e6+ {[%clk 0:06:57]} Ke8
{[%clk 0:00:31]} 29. exd7+ {[%clk 0:06:52]} Qxd7 {[%clk 0:00:39]} 30. Qf3
{[%clk 0:06:22]} Rg5 {[%clk 0:00:19]} 31. Rxf6 {[%clk 0:05:40]} Qg4
{[%clk 0:00:17]} 32. Rf7 {[%clk 0:04:58]} 1-0

[Event "World Cup 2017"]
[Site "Tbilisi"]
[Date "2017.09.08"]
[Round "12.8"]
[White "Giri Anish (NED)"]
[Black "Motylev Alexander (RUS)"]
[Result "1/2-1/2"]
[BlackElo "2668"]
[WhiteElo "2777"]
[LiveChessVersion "1.4.8"]

1. e4 {[%clk 0:25:19]} e5 {[%clk 0:25:17]} 2. Nf3 {[%clk 0:25:28]} Nf6
{[%clk 0:25:26]} 3. Nxe5 {[%clk 0:25:37]} d6 {[%clk 0:25:34]} 4. Nf3
{[%clk 0:25:46]} Nxe4 {[%clk 0:25:42]} 5. Nc3 {[%clk 0:25:55]} Nf6
{[%clk 0:25:50]} 6. d4 {[%clk 0:26:05]} Be7 {[%clk 0:25:58]} 7. Bg5
{[%clk 0:26:12]} h6 {[%clk 0:26:03]} 8. Be3 {[%clk 0:26:21]} c6 {[%clk 0:26:00]}
9. Qd2 {[%clk 0:26:26]} Be6 {[%clk 0:25:51]} 10. Bd3 {[%clk 0:26:25]} Nbd7
{[%clk 0:25:45]} 11. O-O {[%clk 0:24:55]} Nb6 {[%clk 0:25:26]} 12. Rfe1
{[%clk 0:23:15]} Nc4 {[%clk 0:24:40]} 13. Bxc4 {[%clk 0:22:49]} Bxc4
{[%clk 0:24:36]} 14. h3 {[%clk 0:22:20]} O-O {[%clk 0:23:45]} 15. b3
{[%clk 0:22:26]} Be6 {[%clk 0:23:42]} 16. Bf4 {[%clk 0:21:57]} Bf5
{[%clk 0:23:14]} 17. Re2 {[%clk 0:21:44]} d5 {[%clk 0:23:13]} 18. Ne5
{[%clk 0:21:03]} Bb4 {[%clk 0:21:14]} 19. Qe3 {[%clk 0:21:12]} Re8
{[%clk 0:20:42]} 20. a3 {[%clk 0:21:12]} Bf8 {[%clk 0:19:40]} 21. Bh2
{[%clk 0:21:11]} Bh7 {[%clk 0:19:15]} 22. Qd2 {[%clk 0:21:00]} Qa5
{[%clk 0:18:14]} 23. Qe1 {[%clk 0:20:43]} c5 {[%clk 0:14:21]} 24. dxc5
{[%clk 0:19:21]} Qxc5 {[%clk 0:14:13]} 25. b4 {[%clk 0:19:29]} Qc8
{[%clk 0:13:43]} 26. Rd1 {[%clk 0:19:17]} a5 {[%clk 0:13:01]} 27. Na4
{[%clk 0:15:11]} Ra6 {[%clk 0:11:30]} 28. bxa5 {[%clk 0:15:04]} Rae6
{[%clk 0:11:18]} 29. Nb6 {[%clk 0:14:32]} Qc5 {[%clk 0:11:16]} 30. Qb4
{[%clk 0:11:27]} Qxc2 {[%clk 0:10:08]} 31. Rxc2 {[%clk 0:09:57]} Bxb4
{[%clk 0:10:15]} 32. axb4 {[%clk 0:09:27]} Bxc2 {[%clk 0:10:10]} 33. Rd2
{[%clk 0:09:37]} Bb3 {[%clk 0:09:08]} 34. f4 {[%clk 0:09:27]} Rxb6
{[%clk 0:07:33]} 35. axb6 {[%clk 0:09:34]} Re6 {[%clk 0:07:40]} 36. Rb2
{[%clk 0:08:47]} Bc4 {[%clk 0:07:24]} 37. Kf2 {[%clk 0:07:43]} Rxb6
{[%clk 0:07:15]} 38. Ke3 {[%clk 0:07:51]} Ra6 {[%clk 0:06:12]} 39. Kd4
{[%clk 0:07:45]} Bf1 {[%clk 0:05:30]} 40. f5 {[%clk 0:06:29]} Ra4
{[%clk 0:03:37]} 1/2-1/2

[Event "World Cup 2017"]
[Site "Tbilisi"]
[Date "2017.09.08"]
[Round "12.10"]
[White "Nepomniachtchi Ian (RUS)"]
[Black "Adhiban B. (IND)"]
[Result "1-0"]
[BlackElo "2670"]
[WhiteElo "2741"]
[LiveChessVersion "1.4.8"]

1. c4 {[%clk 0:25:18]} g6 {[%clk 0:25:19]} 2. d4 {[%clk 0:24:41]} Nf6
{[%clk 0:25:27]} 3. Nc3 {[%clk 0:24:49]} Bg7 {[%clk 0:25:36]} 4. e4
{[%clk 0:24:50]} d6 {[%clk 0:25:45]} 5. Nf3 {[%clk 0:24:57]} O-O {[%clk 0:25:53]}
6. h3 {[%clk 0:25:05]} Na6 {[%clk 0:24:09]} 7. Be3 {[%clk 0:25:07]} c6
{[%clk 0:24:01]} 8. Rc1 {[%clk 0:25:10]} e5 {[%clk 0:23:07]} 9. d5
{[%clk 0:25:14]} cxd5 {[%clk 0:22:44]} 10. cxd5 {[%clk 0:25:03]} Ne8
{[%clk 0:22:52]} 11. g4 {[%clk 0:20:00]} Kh8 {[%clk 0:23:01]} 12. Be2
{[%clk 0:19:07]} f5 {[%clk 0:22:14]} 13. gxf5 {[%clk 0:18:01]} gxf5
{[%clk 0:22:23]} 14. exf5 {[%clk 0:18:09]} Bxf5 {[%clk 0:22:31]} 15. Ng5
{[%clk 0:18:17]} Qe7 {[%clk 0:16:22]} 16. Bg4 {[%clk 0:17:49]} Bh6
{[%clk 0:16:12]} 17. h4 {[%clk 0:17:44]} Bg6 {[%clk 0:10:55]} 18. Bh5
{[%clk 0:17:46]} Bf5 {[%clk 0:08:42]} 19. Bg4 {[%clk 0:14:41]} Bg6
{[%clk 0:08:51]} 20. Ne6 {[%clk 0:13:56]} Bxe3 {[%clk 0:08:52]} 21. fxe3
{[%clk 0:14:04]} Nc5 {[%clk 0:07:51]} 22. Nxf8 {[%clk 0:14:01]} Qxf8
{[%clk 0:07:31]} 23. h5 {[%clk 0:13:44]} Qh6 {[%clk 0:06:53]} 24. Qf3
{[%clk 0:13:14]} Bd3 {[%clk 0:05:34]} 25. b4 {[%clk 0:12:59]} Na6 26. Kd2
{[%clk 0:12:57]} e4 {[%clk 0:02:56]} 27. Nxe4 {[%clk 0:12:50]} Bxe4
{[%clk 0:02:35]} 28. Qxe4 {[%clk 0:12:58]} Nf6 {[%clk 0:02:44]} 29. Qd4
{[%clk 0:13:06]} Re8 {[%clk 0:02:38]} 30. Be6 {[%clk 0:13:10]} Nxb4
{[%clk 0:01:03]} 31. Rhf1 {[%clk 0:13:08]} Rf8 {[%clk 0:00:39]} 32. Qxb4
{[%clk 0:12:57]} Qg5 {[%clk 0:00:46]} 33. Qd4 {[%clk 0:12:44]} Qg2+
{[%clk 0:00:48]} 34. Kd3 {[%clk 0:12:41]} Qg5 {[%clk 0:00:23]} 35. Rf5
{[%clk 0:12:30]} Qg7 {[%clk 0:00:24]} 36. Rcf1 {[%clk 0:12:34]} 1-0

[Event "World Cup 2017"]
[Site "Tbilisi"]
[Date "2017.09.08"]
[Round "12.11"]
[White "Erdos Viktor (HUN)"]
[Black "Svidler Peter (RUS)"]
[Result "1/2-1/2"]
[BlackElo "2756"]
[WhiteElo "2619"]
[LiveChessVersion "1.4.8"]

1. Nf3 {[%clk 0:25:18]} Nf6 {[%clk 0:25:09]} 2. c4 {[%clk 0:25:25]} c5
{[%clk 0:25:17]} 3. Nc3 {[%clk 0:25:33]} Nc6 {[%clk 0:25:10]} 4. e3
{[%clk 0:22:31]} g6 {[%clk 0:23:17]} 5. d4 {[%clk 0:22:35]} cxd4 {[%clk 0:23:26]}
6. exd4 {[%clk 0:22:43]} d5 {[%clk 0:23:34]} 7. cxd5 {[%clk 0:22:08]} Nxd5
{[%clk 0:23:42]} 8. Qb3 {[%clk 0:22:16]} e6 {[%clk 0:20:38]} 9. Bb5
{[%clk 0:22:06]} Bg7 {[%clk 0:20:45]} 10. O-O {[%clk 0:21:33]} O-O
{[%clk 0:20:53]} 11. Bxc6 {[%clk 0:21:41]} bxc6 {[%clk 0:21:01]} 12. Na4
{[%clk 0:21:50]} Qd6 {[%clk 0:20:37]} 13. Re1 {[%clk 0:21:59]} Rb8
{[%clk 0:20:32]} 14. Qc2 {[%clk 0:21:49]} Nb4 {[%clk 0:19:27]} 15. Qd1
{[%clk 0:21:28]} c5 {[%clk 0:19:36]} 16. Nxc5 {[%clk 0:21:03]} Bb7
{[%clk 0:19:01]} 17. Nxb7 {[%clk 0:20:12]} Rxb7 {[%clk 0:19:10]} 18. b3
{[%clk 0:15:26]} Nc6 {[%clk 0:15:42]} 19. Bb2 {[%clk 0:15:21]} Rd8
{[%clk 0:15:44]} 20. Re4 {[%clk 0:15:17]} a5 {[%clk 0:13:42]} 21. Qe2
{[%clk 0:13:34]} a4 {[%clk 0:11:25]} 22. d5 {[%clk 0:12:18]} Bxb2
{[%clk 0:11:09]} 23. Qxb2 {[%clk 0:12:26]} a3 {[%clk 0:11:18]} 24. Qf6
{[%clk 0:09:08]} Qxd5 {[%clk 0:11:25]} 25. Rae1 {[%clk 0:09:17]} Rb5
{[%clk 0:08:23]} 26. g4 {[%clk 0:08:32]} Qd6 {[%clk 0:07:37]} 27. Rc4
{[%clk 0:06:48]} Rd5 {[%clk 0:07:05]} 28. Ng5 {[%clk 0:06:34]} Qe7
{[%clk 0:04:57]} 29. Qxf7+ {[%clk 0:03:50]} Qxf7 {[%clk 0:05:04]} 30. Nxf7
{[%clk 0:03:59]} Kxf7 {[%clk 0:05:06]} 31. Rxc6 {[%clk 0:04:07]} Rd2
{[%clk 0:05:04]} 32. g5 {[%clk 0:03:13]} Rxa2 {[%clk 0:03:45]} 33. Rc7+
{[%clk 0:03:22]} Kg8 {[%clk 0:03:54]} 34. Rxe6 {[%clk 0:03:31]} Rf8
{[%clk 0:03:56]} 35. Ree7 {[%clk 0:02:00]} Rfxf2 {[%clk 0:04:03]} 36. Rg7+
{[%clk 0:02:01]} Kf8 {[%clk 0:04:11]} 37. Rxh7 {[%clk 0:02:09]} Kg8
{[%clk 0:03:58]} 38. Rcg7+ {[%clk 0:02:12]} Kf8 {[%clk 0:04:07]} 39. Ra7
{[%clk 0:02:21]} Kg8 {[%clk 0:04:08]} 40. Rhg7+ {[%clk 0:02:15]} Kf8
{[%clk 0:03:12]} 41. Rh7 {[%clk 0:01:15]} Rg2+ {[%clk 0:02:50]} 42. Kh1
{[%clk 0:01:13]} Kg8 {[%clk 0:02:52]} 43. Rhg7+ {[%clk 0:01:03]} Kh8
{[%clk 0:02:26]} 44. Rh7+ {[%clk 0:00:57]} Kg8 {[%clk 0:02:35]} 45. Rhg7+
{[%clk 0:01:06]} Kf8 {[%clk 0:01:53]} 46. Rh7 {[%clk 0:00:32]} Kg8
{[%clk 0:02:02]} 47. Rag7+ {[%clk 0:00:18]} Kf8 {[%clk 0:02:11]} 48. Rf7+
{[%clk 0:00:27]} Kg8 {[%clk 0:02:08]} 49. Rfg7+ {[%clk 0:00:36]} Kf8
{[%clk 0:02:17]} 50. Rf7+ {[%clk 0:00:17]} Kg8 {[%clk 0:02:26]} 51. Rhg7+
{[%clk 0:00:13]} Kh8 {[%clk 0:02:35]} 52. Rh7+ {[%clk 0:00:21]} 1/2-1/2

[Event "World Cup 2017"]
[Site "Tbilisi"]
[Date "2017.09.08"]
[Round "12.12"]
[White "Wojtaszek Radoslaw (POL)"]
[Black "Onischuk Alexander (USA)"]
[Result "0-1"]
[BlackElo "2682"]
[WhiteElo "2739"]
[LiveChessVersion "1.4.8"]

1. d4 {[%clk 0:25:19]} Nf6 {[%clk 0:25:18]} 2. c4 {[%clk 0:25:27]} e6
{[%clk 0:25:25]} 3. Nc3 {[%clk 0:25:35]} d5 {[%clk 0:25:32]} 4. cxd5
{[%clk 0:25:43]} exd5 {[%clk 0:25:40]} 5. Bg5 {[%clk 0:25:51]} c6
{[%clk 0:25:45]} 6. e3 {[%clk 0:25:59]} Be7 {[%clk 0:25:51]} 7. Bd3
{[%clk 0:26:07]} Nbd7 {[%clk 0:25:58]} 8. Nge2 {[%clk 0:26:14]} Nh5
{[%clk 0:25:41]} 9. Bxe7 {[%clk 0:26:21]} Qxe7 {[%clk 0:25:47]} 10. g4
{[%clk 0:26:30]} Nhf6 {[%clk 0:25:46]} 11. Ng3 {[%clk 0:26:38]} Nb6
{[%clk 0:24:40]} 12. g5 {[%clk 0:26:25]} Ng8 {[%clk 0:24:20]} 13. h4
{[%clk 0:26:33]} Be6 {[%clk 0:23:47]} 14. Nh5 {[%clk 0:24:22]} g6
{[%clk 0:21:16]} 15. Ng7+ {[%clk 0:24:20]} Kd7 {[%clk 0:20:38]} 16. Nxe6
{[%clk 0:24:07]} Qxe6 {[%clk 0:19:26]} 17. a4 {[%clk 0:23:41]} a5
{[%clk 0:19:10]} 18. h5 {[%clk 0:20:22]} Ne7 {[%clk 0:18:34]} 19. Qf3
{[%clk 0:20:29]} Nf5 {[%clk 0:16:32]} 20. Ne2 {[%clk 0:16:38]} Rae8
{[%clk 0:15:35]} 21. b3 {[%clk 0:16:27]} Nd6 {[%clk 0:13:54]} 22. Qh3
{[%clk 0:13:29]} Qxh3 {[%clk 0:12:26]} 23. Rxh3 {[%clk 0:13:37]} h6
{[%clk 0:11:19]} 24. hxg6 {[%clk 0:12:40]} hxg5 {[%clk 0:11:24]} 25. Rxh8
{[%clk 0:11:23]} Rxh8 {[%clk 0:11:31]} 26. g7 {[%clk 0:10:56]} Rg8
{[%clk 0:11:00]} 27. Ng3 {[%clk 0:11:04]} Ke7 {[%clk 0:07:24]} 28. Nh5
{[%clk 0:11:13]} f5 {[%clk 0:07:31]} 29. Ke2 {[%clk 0:11:21]} Nd7
{[%clk 0:05:29]} 30. Rh1 {[%clk 0:05:15]} Kf7 {[%clk 0:04:43]} 31. f4
{[%clk 0:04:14]} gxf4 {[%clk 0:04:15]} 32. exf4 {[%clk 0:03:48]} Nf6
{[%clk 0:03:00]} 33. Nxf6 {[%clk 0:03:55]} Kxf6 {[%clk 0:03:08]} 34. Rh6+
{[%clk 0:04:03]} Ke7 {[%clk 0:03:16]} 35. Rg6 {[%clk 0:03:42]} Ne4
{[%clk 0:02:59]} 36. Bxe4 {[%clk 0:03:35]} dxe4 {[%clk 0:01:15]} 37. d5
{[%clk 0:03:44]} cxd5 {[%clk 0:00:47]} 38. Ke3 {[%clk 0:03:53]} Kf7
{[%clk 0:00:52]} 39. Rb6 {[%clk 0:03:14]} Rxg7 {[%clk 0:00:24]} 40. Rxb7+
{[%clk 0:03:23]} Kg6 {[%clk 0:00:30]} 41. Rb5 {[%clk 0:03:07]} Kh5
{[%clk 0:00:29]} 42. Rxd5 {[%clk 0:02:40]} Rg3+ {[%clk 0:00:37]} 43. Ke2
{[%clk 0:02:37]} Kg4 {[%clk 0:00:44]} 44. Rxa5 {[%clk 0:01:26]} Rxb3
{[%clk 0:00:50]} 45. Ra8 {[%clk 0:01:34]} Kxf4 {[%clk 0:00:54]} 46. a5
{[%clk 0:01:43]} Rb2+ {[%clk 0:00:47]} 47. Kd1 {[%clk 0:01:52]} Ra2
{[%clk 0:00:53]} 48. a6 {[%clk 0:02:00]} Ke3 {[%clk 0:00:54]} 49. a7
{[%clk 0:02:00]} f4 {[%clk 0:00:58]} 0-1

[Event "World Cup 2017"]
[Site "Tbilisi"]
[Date "2017.09.08"]
[Round "12.13"]
[White "Yu Yangyi (CHN)"]
[Black "Jobava Baadur (GEO)"]
[Result "1/2-1/2"]
[BlackElo "2702"]
[WhiteElo "2750"]
[LiveChessVersion "1.4.8"]

1. e4 {[%clk 0:25:18]} e5 {[%clk 0:25:19]} 2. Nf3 {[%clk 0:25:24]} Nf6
{[%clk 0:25:28]} 3. Nxe5 {[%clk 0:25:30]} d6 {[%clk 0:25:37]} 4. Nf3
{[%clk 0:25:38]} Nxe4 {[%clk 0:25:45]} 5. Nc3 {[%clk 0:25:47]} Nf6
{[%clk 0:25:54]} 6. d4 {[%clk 0:25:55]} Be7 {[%clk 0:26:03]} 7. Bd3
{[%clk 0:26:03]} O-O {[%clk 0:26:11]} 8. h3 {[%clk 0:26:03]} Re8 {[%clk 0:26:17]}
9. O-O {[%clk 0:26:09]} Nbd7 {[%clk 0:26:27]} 10. Ne2 {[%clk 0:25:43]} Bf8
{[%clk 0:26:07]} 11. c4 {[%clk 0:25:29]} g6 {[%clk 0:26:05]} 12. Nc3
{[%clk 0:25:26]} Bg7 {[%clk 0:26:14]} 13. Bg5 {[%clk 0:24:52]} h6
{[%clk 0:26:03]} 14. Be3 {[%clk 0:23:39]} Kh7 {[%clk 0:25:52]} 15. Re1
{[%clk 0:22:12]} c6 {[%clk 0:25:53]} 16. Qc2 {[%clk 0:21:35]} Nf8
{[%clk 0:24:07]} 17. Rad1 {[%clk 0:20:52]} a6 {[%clk 0:23:48]} 18. b4
{[%clk 0:18:52]} d5 {[%clk 0:20:58]} 19. c5 {[%clk 0:18:49]} Be6 {[%clk 0:19:27]}
20. Bf4 {[%clk 0:17:57]} Kg8 {[%clk 0:17:33]} 21. Bd6 {[%clk 0:16:21]} N6d7
{[%clk 0:15:28]} 22. a4 {[%clk 0:15:55]} Nh7 {[%clk 0:14:03]} 23. Re3
{[%clk 0:09:52]} Ng5 {[%clk 0:13:27]} 24. Ne2 {[%clk 0:09:28]} Ne4
{[%clk 0:11:59]} 25. Bh2 {[%clk 0:09:02]} f5 {[%clk 0:11:30]} 26. Ne5
{[%clk 0:08:38]} Nxe5 {[%clk 0:11:38]} 27. Bxe5 {[%clk 0:08:26]} g5
{[%clk 0:10:31]} 28. f4 {[%clk 0:07:57]} Bf7 {[%clk 0:09:34]} 29. Rf1
{[%clk 0:06:10]} Bxe5 {[%clk 0:09:17]} 30. fxe5 {[%clk 0:06:12]} Bg6
{[%clk 0:08:45]} 31. Ref3 {[%clk 0:05:29]} Rf8 {[%clk 0:08:23]} 32. Ng3
{[%clk 0:04:30]} 1/2-1/2

[Event "World Cup 2017"]
[Site "Tbilisi"]
[Date "2017.09.08"]
[Round "12.14"]
[White "Sevian Samuel (USA)"]
[Black "Li Chao b (CHN)"]
[Result "0-1"]
[BlackElo "2745"]
[WhiteElo "2610"]
[LiveChessVersion "1.4.8"]

1. Nf3 {[%clk 0:25:17]} Nf6 {[%clk 0:24:48]} 2. c4 {[%clk 0:25:25]} c6
{[%clk 0:23:51]} 3. d4 {[%clk 0:25:30]} d5 {[%clk 0:24:00]} 4. e3
{[%clk 0:25:38]} g6 {[%clk 0:23:48]} 5. Nc3 {[%clk 0:25:32]} Bg7 {[%clk 0:23:57]}
6. Be2 {[%clk 0:25:39]} O-O {[%clk 0:24:05]} 7. O-O {[%clk 0:25:47]} b6
{[%clk 0:24:13]} 8. a4 {[%clk 0:25:55]} Bb7 {[%clk 0:23:14]} 9. a5
{[%clk 0:24:13]} bxa5 {[%clk 0:22:50]} 10. Qa4 {[%clk 0:23:20]} dxc4
{[%clk 0:21:31]} 11. Qxa5 {[%clk 0:21:54]} Nbd7 {[%clk 0:21:34]} 12. Bxc4
{[%clk 0:20:40]} c5 {[%clk 0:20:56]} 13. dxc5 {[%clk 0:16:43]} Qc8
{[%clk 0:20:02]} 14. Ba6 {[%clk 0:11:47]} Bxa6 {[%clk 0:19:23]} 15. Qxa6
{[%clk 0:11:55]} Qxa6 {[%clk 0:19:25]} 16. Rxa6 {[%clk 0:12:03]} Nxc5
{[%clk 0:19:34]} 17. Ra3 {[%clk 0:12:12]} Rfc8 {[%clk 0:16:59]} 18. Nd4
{[%clk 0:09:50]} Bf8 {[%clk 0:15:29]} 19. Nde2 {[%clk 0:09:27]} e6
{[%clk 0:15:02]} 20. Rd1 {[%clk 0:09:04]} a5 {[%clk 0:15:05]} 21. f3
{[%clk 0:08:22]} Nfd7 {[%clk 0:12:29]} 22. Ra2 {[%clk 0:07:34]} Ne5
{[%clk 0:12:04]} 23. e4 {[%clk 0:05:55]} Ned3 {[%clk 0:10:53]} 24. Kf1
{[%clk 0:04:41]} Nb4 {[%clk 0:07:39]} 25. Ra1 {[%clk 0:04:50]} Ncd3
{[%clk 0:06:59]} 26. Rb1 {[%clk 0:04:45]} Nxc1 27. Rbxc1 {[%clk 0:04:25]} Rd8
{[%clk 0:06:12]} 28. g3 {[%clk 0:04:01]} Nd3 {[%clk 0:06:03]} 29. Ra1
{[%clk 0:03:24]} Bb4 {[%clk 0:05:56]} 30. Na4 {[%clk 0:03:23]} Rac8
{[%clk 0:05:54]} 31. f4 {[%clk 0:02:05]} e5 {[%clk 0:05:34]} 32. b3
{[%clk 0:01:53]} Rb8 {[%clk 0:04:35]} 33. Ra2 {[%clk 0:01:58]} Kg7
{[%clk 0:03:25]} 34. Rc2 {[%clk 0:01:51]} h5 {[%clk 0:03:34]} 35. Rc4
{[%clk 0:01:43]} h4 {[%clk 0:03:00]} 36. Rc6 {[%clk 0:00:20]} hxg3
{[%clk 0:02:39]} 37. hxg3 {[%clk 0:00:27]} exf4 {[%clk 0:01:52]} 38. gxf4
{[%clk 0:00:34]} g5 {[%clk 0:01:51]} 39. fxg5 {[%clk 0:00:36]} Ne5
{[%clk 0:01:59]} 40. Rxd8 {[%clk 0:00:44]} Rxd8 {[%clk 0:02:08]} 41. Rc2
{[%clk 0:00:49]} Nf3 {[%clk 0:02:03]} 42. Kf2 {[%clk 0:00:49]} Nxg5
{[%clk 0:02:08]} 43. Ke3 {[%clk 0:00:56]} Rd1 {[%clk 0:01:49]} 44. Ng3
{[%clk 0:00:46]} Re1+ {[%clk 0:01:51]} 45. Re2 {[%clk 0:00:52]} Rb1
{[%clk 0:01:56]} 46. Rb2 {[%clk 0:00:58]} Rg1 {[%clk 0:01:39]} 47. Nh5+
{[%clk 0:00:57]} Kf8 {[%clk 0:01:32]} 48. Nf6 {[%clk 0:00:56]} Kg7
{[%clk 0:01:26]} 49. Nh5+ {[%clk 0:01:05]} Kh6 {[%clk 0:01:19]} 50. Rh2
{[%clk 0:00:57]} Re1+ {[%clk 0:01:26]} 51. Kd3 {[%clk 0:01:04]} Bd6
{[%clk 0:00:38]} 52. Rh4 {[%clk 0:01:00]} Nf3 {[%clk 0:00:30]} 53. Rh3
{[%clk 0:01:06]} Ne5+ {[%clk 0:00:36]} 54. Kd2 {[%clk 0:00:39]} Rb1
{[%clk 0:00:33]} 55. Ng3+ {[%clk 0:00:28]} Kg5 {[%clk 0:00:38]} 56. Nf5
{[%clk 0:00:36]} Bb4+ {[%clk 0:00:41]} 57. Kc2 {[%clk 0:00:46]} Re1
{[%clk 0:00:37]} 58. Nc3 {[%clk 0:00:28]} Bxc3 {[%clk 0:00:40]} 59. Rxc3
{[%clk 0:00:37]} Re2+ {[%clk 0:00:47]} 60. Kb1 {[%clk 0:00:41]} Rxe4
{[%clk 0:00:52]} 61. Nd6 {[%clk 0:00:50]} Re1+ {[%clk 0:00:40]} 62. Ka2
{[%clk 0:00:52]} f5 {[%clk 0:00:29]} 63. Nxf5 {[%clk 0:00:44]} Kxf5
{[%clk 0:00:35]} 64. Rc5 {[%clk 0:00:53]} Ke4 {[%clk 0:00:43]} 65. Rxa5
{[%clk 0:01:01]} Nd3 {[%clk 0:00:51]} 66. Ra8 {[%clk 0:01:02]} Nb4+
{[%clk 0:00:49]} 67. Kb2 {[%clk 0:01:10]} Re2+ {[%clk 0:00:57]} 68. Kc3
{[%clk 0:01:04]} Nd5+ {[%clk 0:01:06]} 69. Kc4 {[%clk 0:01:13]} Nb6+
{[%clk 0:01:15]} 0-1